000
00329nam a22001457a 4500
008
221031b ||||| |||| 00| 0 eng d
020
_a
9781323414743
041
_a
eng
080
_2
SECOND EDITION
_a
573
082
_a
573
100
_a
16.1
101
_a
BIO
245
_a
CAMPBELL BIOLOGY IN FOCUS
_c
URRY L
942
_2
udc
_c
BK
999
_c
58690
_d
58690